Antología española / (Record no. 24562)

MARC details
000 -LEADER
campo de control de longitud fija 00575nam a2200193 i 4500
001 - NÚMERO DE CONTROL
campo de control 24562
003 - IDENTIFICADOR DE NÚMERO DE CONTROL
campo de control ES-MaACL
005 - FECHA Y HORA DE LA ÚLTIMA TRANSACCIÓN
campo de control 20250802062550.0
007 - CAMPO FIJO DE DESCRIPCIÓN FÍSICA--INFORMACIÓN GENERAL
campo de control de longitud fija t|
008 - DATOS DE LONGITUD FIJA--INFORMACIÓN GENERAL
campo de control de longitud fija 021218m19521953sp ||||1| spa d
080 ## - NÚMERO DE LA CLASIFICACIÓN DECIMAL UNIVERSAL
Número de la Clasificación Decimal Universal 821.134.2(082.2)
245 00 - MENCIÓN DEL TÍTULO
Título Antología española /
Mención de responsabilidad, etc. por Juan Ruiz Peña.
260 ## - PUBLICACIÓN, DISTRIBUCIÓN, ETC.
Lugar de publicación, distribución, etc. Burgos :
Nombre del editor, distribuidor, etc. [s.n.,
Fecha de publicación, distribución, etc. 1952-53] (
Fabricante Hijos de Santiago Rodríguez)
300 ## - DESCRIPCIÓN FÍSICA
Extensión 3 v. ;
Dimensiones 19 cm.
650 07 - PUNTO DE ACCESO ADICIONAL DE MATERIA--TÉRMINO DE MATERIA
Término de materia o nombre geográfico como elemento de entrada Literatura española
Fuente del encabezamiento o término embne
9 (RLIN) 14539
700 1# - ENTRADA AGREGADA--NOMBRE PERSONAL
Nombre de persona Ruiz Peña, Juan,
Fechas asociadas al nombre 1915-1992
9 (RLIN) 100896
852 ## - LOCALIZACIÓN
Ubicación ES-MaACL
Número de control de estantería E-3660-2
Holdings
Estatus retirado Estado de pérdida Estado de daño No para préstamo Biblioteca de origen Biblioteca actual Ubicación en estantería Fecha de adquisición Fuente de adquisición Total de préstamos Signatura topográfica completa Código de barras Visto por última vez Precio de reemplazo Tipo de ítem Koha
        Biblioteca del Ateneo de Madrid Biblioteca del Ateneo de Madrid Depósito 2 17/01/2008     E-3660-2 1025323 23/02/2023 23/02/2023 Libro impreso